Political science; introductory essays and readings

Saved in:
Bibliographic Details
Main Author: Bellows, Thomas J., 1935- (comp.)
Other Authors: Erikson, Stanley, 1906- (joint comp.), Winter, Herbert R., 1928- (joint comp.)
Format: Book
Language:English
Published: Belmont, Calif., Duxbury Press [1971]
Subjects:
LEADER 01012nam a2200253 4500
001 c000352157
003 CARM
005 00000000000000.0
008 710401s1971 cau b 00010 eng
019 1 |a 219635  |5 LACONCORD2021 
035 |a (OCoLC)132302  |5 LACONCORD2021 
050 0 0 |a JA71  |b .B45 
100 1 |a Bellows, Thomas J.,  |d 1935-  |e comp. 
245 1 |a Political science;  |b introductory essays and readings  |c [compiled by] Thomas J. Bellows, Stanley Erikson [and] Herbert R. Winter. 
260 |a Belmont, Calif.,  |b Duxbury Press  |c [1971] 
300 |a xii, 523 p.  |c 23 cm. 
504 |a Bibliography: p. 518-523. 
650 0 |a Political science. 
700 1 |a Erikson, Stanley,  |d 1906-  |e joint comp. 
700 1 |a Winter, Herbert R.,  |d 1928-  |e joint comp. 
852 8 |b CARM  |h A1:AM04C0  |i C10079  |p 0427478  |f BK 
082 0 4 |a 320/.08 
999 f f |i ccd6a08e-fbf4-5a73-963c-ee53597f5dba  |s 1fab3c8c-71ff-5d10-9557-aafa0607d911 
952 f f |p Can circulate  |a CAVAL  |b CAVAL  |c CAVAL  |d CARM 1 Store  |e C10079  |f A1:AM04C0  |h Other scheme  |i book  |m 0427478